Snort : IDS and IPS toolkit

Αποθηκεύτηκε σε:
Λεπτομέρειες βιβλιογραφικής εγγραφής
Άλλοι συγγραφείς: Kohlenberg, Toby (Επιμελητής έκδοσης)
Μορφή: Βιβλίο
Γλώσσα:English
Δημοσίευση: Burlington, MA : Syngress, c2007
Σειρά:Jay Beale's open source security series
Θέματα:
Ετικέτες: Προσθήκη ετικέτας
Δεν υπάρχουν, Καταχωρήστε ετικέτα πρώτοι!

MARC

LEADER 00000nam a2200000 i 4500
001 1/70288
008 080114s2007 eng d
020 |a 1-59749-099-7 
020 |a 978-1-59749-099-3 
035 |l 10093640 
040 |a GR-MY-UA  |b gre  |e aacr 
041 0 |a eng 
082 0 |a 005.8  |2 (22) 
245 1 0 |a Snort :  |b IDS and IPS toolkit /  |c featuring Jay Beale and memders of the Snort team, Andrew R. Baker, Joel Esler ; foreword by Stephen Northcutt ; Toby Kohlenberg, technical editor. 
260 |a Burlington, MA :   |b Syngress,   |c c2007 
300 |a xxxiv, 730 σ.;  |b εικ.;  |c 23 εκ.+  |e 1 οπτική δισκέτα (4 3/4 ίν.) 
490 1 |a Jay Beale's open source security series 
504 |a Περιέχει ευρετήριο (σ. 717-730) 
650 0 0 |a Computer networks  |x Security measures. 
700 1 |a Beale, Jay.  |4 oth 
700 1 |a Baker, Andrew R.  |4 oth 
700 1 |a Esler, Joel.  |4 oth 
700 1 |a Northcutt, Stephen.  |4 oth 
700 1 |a Kohlenberg, Toby.  |4 edt 
830 0 |a Jay Beale's open source security series 
852 |a INST  |b SAMOS  |e 20080114  |h 005.8 SNO  |p 005300027189  |q 005300027189  |t BK  |y 0 
852 |a INST  |b SAMOS  |e 20080114  |h 005.8 SNO   |p 005300027188  |q 005300027188  |t BK  |y 0 
901 |a BIBL3-2008-1 
909 |a Σ  |b 143608 
909 |a Σ  |b 143609 
922 |a 3ΕΛΗ  |b 200712  |c ΕΠΕΑΕΚ2/ΤΜΠΕΣ  |d ΕΛΕΥΘΕΡΟΥΔΑΚΗΣ 
970 |a ΣΙΤΖΙΜΗ  |b ΓΙΑΣΕΜΗ  |z 2008/01/